LIBRARY & INFORMATION CENTRE, KCAET, TAVANUR

ONLINE PUBLIC ACCESS CATALOGUE (OPAC)

Open channel hydraulics / (Record no. 11311)

MARC details
000 -LEADER
fixed length control field 00397cam a2200157ua 4500
020 ## - INTERNATIONAL STANDARD BOOK NUMBER
ISBN 0-07-Y85906-X
041 ## - LANGUAGE CODE
Language code of text/sound track or separate title eng
082 ## - DEWEY DECIMAL CLASSIFICATION NUMBER
Classification number 532.54
Item number CHO/OP
100 ## - MAIN ENTRY--AUTHOR NAME
Personal name Chow, Ven Te .
245 ## - TITLE STATEMENT
Title Open channel hydraulics /
260 ## - PUBLICATION, DISTRIBUTION, ETC. (IMPRINT)
Place of publication New York :
Name of publisher McGraw Hill Book Company ,
Year of publication 1973.
300 ## - PHYSICAL DESCRIPTION
Number of Pages 680 ; .
942 ## - ADDED ENTRY ELEMENTS (KOHA)
Koha item type Books
Holdings
Withdrawn status Lost status Damaged status Home library Current library Date acquired Full call number Accession Number Koha item type
      KAUAET KAUAET 07/04/2012 532.54 18378 Books
free website counter